000 00519nam a22001697a 4500
005 20231102145802.0
008 231102b |||||||| |||| 00| 0 eng d
020 _a9781485109648
041 _aEnglish
082 _a346.6 HAV
100 _aLoubser, A and Mahony DP
_lEnglish
245 _aCompany Secretarial Practice /
_cA Loubser and DP Mahony
260 _aCape Town :
_bJuta and Company (Pty) Ltd,
_c2016
300 _c26 cm.
650 _aLegal practice
_bLaw
942 _cBK
_6ALISON_BN_VRIES
999 _c267
_d267